The revolutionary origins of modern japan

Saved in:
Bibliografiske detaljer
Hovedforfatter: Huber, Thomas M (Author)
Format: Bog
Sprog:engelsk
Udgivet: Stanford Stanford University 1981
Fag:
Tags: Tilføj Tag
Ingen Tags, Vær først til at tagge denne postø!

MARC

LEADER 00000nam a2200000 a 4500
001 UCS8945
003 CL-VaPUC
008 971113e19810000US |||||||||||||||||eng|d
082 0 4 |a 952  |b HUB  |2 21 
100 0 |a Huber, Thomas M  |e author  |9 393686 
245 1 4 |a The revolutionary origins of modern japan 
300 |a 260 p 
942 |c BK 
945 |d 19971113 00:00:00  |a jquezada 
260 |a Stanford  |b Stanford University  |c 1981 
650 0 |a Historia  |9 255047 
650 0 |a Política  |9 255312 
650 0 |a Economía   |9 255568 
650 7 |a REVOLUCION  |2 CL-VaPUC  |9 338298 
650 0 |a Cambio social   |9 256857 
583 |a last modification  |c 19971113 00:00:00  |k Rodrigo Vera 
999 |c 263029  |d 263027 
952 |0 0  |1 0  |4 0  |6 952_000000000000000_HUB_1981  |7 0  |8 A  |9 292109  |a BIBGIM  |b BIBGIM  |d 2019-11-19  |i 3364402  |o 952 HUB 1981  |p 3364402  |r 2025-01-15  |w 2019-11-19  |y BK  |k ORI